| 000 -LEADER |
| fixed length control field |
00913nam a22002297a 4500 |
| 005 - DATE AND TIME OF LATEST TRANSACTION |
| control field |
20221107121831.0 |
| 008 - FIXED-LENGTH DATA ELEMENTS--GENERAL INFORMATION |
| fixed length control field |
221012s2020ge xxu||||| |||| 00| 0 ger d |
| 020 ## - INTERNATIONAL STANDARD BOOK NUMBER |
| International Standard Book Number |
9783126071628x |
| 041 ## - LANGUAGE CODE |
| Language code of text/sound track or separate title |
ger |
| 080 ## - UNIVERSAL DECIMAL CLASSIFICATION NUMBER |
| Universal Decimal Classification number |
811.112.2'373 N-46 |
| 245 ## - TITLE STATEMENT |
| Title |
Netzwerk neu : |
| Remainder of title |
A2.1. Kurs- und Ubungsbuch : mit Audios und Videos / |
| Statement of responsibility, etc. |
Stefanie Dengler, Paul Rusch, Helen Schmitz, Tanja Sieber. |
| 264 ## - PRODUCTION, PUBLICATION, DISTRIBUTION, MANUFACTURE, AND COPYRIGHT NOTICE |
| Place of production, publication, distribution, manufacture |
Stuttgart : |
| Name of producer, publisher, distributor, manufacturer |
Ernst Klett Sprachen, |
| Date of production, publication, distribution, manufacture, or copyright notice |
2020. |
| 300 ## - PHYSICAL DESCRIPTION |
| Extent |
176 p.: |
| Other physical details |
Illustrationen , |
| Dimensions |
29 cm. |
| 440 ## - SERIES STATEMENT/ADDED ENTRY--TITLE |
| Title |
Deutsch als Fremdsprache |
| 9 (RLIN) |
15303 |
| 653 ## - INDEX TERM--UNCONTROLLED |
| keyword |
Netzwerk neu A2.1, Kurs- und Ubungsbuch mit Audios und Videos |
| 653 ## - INDEX TERM--UNCONTROLLED |
| keyword |
გერმანული ენა სავარჯიშო წიგნი |
| 700 ## - ADDED ENTRY--PERSONAL NAME |
| Personal name |
Dengler, Stefanie |
| Relator term |
Author |
| 9 (RLIN) |
15304 |
| 700 ## - ADDED ENTRY--PERSONAL NAME |
| Personal name |
Rusch, Paul |
| Relator term |
Author |
| 9 (RLIN) |
15285 |
| 700 ## - ADDED ENTRY--PERSONAL NAME |
| Personal name |
Schmitz, Helen |
| Relator term |
Author |
| 9 (RLIN) |
10081 |
| 700 ## - ADDED ENTRY--PERSONAL NAME |
| Personal name |
Sieber, Tanja |
| Relator term |
Author |
| 9 (RLIN) |
15291 |
| 942 ## - ADDED ENTRY ELEMENTS (KOHA) |
| Source of classification or shelving scheme |
|
| Koha item type |
წიგნი |